| 000 | 00901nam a22002057a 4500 | ||
|---|---|---|---|
| 999 |
_c11938 _d11938 |
||
| 003 | AR-CdUCM | ||
| 008 | 190401b ||||| |||| 00| 0 spa d | ||
| 040 |
_aMUNICIPALIDAD PROVINCIAL DEL CUSCO _cBIBLIOTECA MUNICIPAL DEL CUSCO |
||
| 082 |
_aES / 373.700 / _bV66 _220ed. |
||
| 100 |
_aVillacorta Paredes, Juan _927655 |
||
| 245 |
_aEducación por el Arte 4° Libro : _bPintura clásica universal composición artística, Arte colonial técnicas, creatividad y apreciación artística / |
||
| 260 |
_aLima : _bStudium, _c1984. |
||
| 300 |
_a111 páginas ; _bimágenes. _c24cm. |
||
| 505 | _aContenido: Arte pre-humanístico y humanístico florentino -- El renacimiento en Italia -- El manierismo -- El arte barroco -- El arte rococo... | ||
| 650 |
_aArte. _9561 |
||
| 650 |
_aArtes plásticas. _927656 |
||
| 650 |
_aCorrientes artísticas. _929559 |
||
| 942 |
_2ddc _cLIBROS |
||
| 945 |
_anom _d2019-04-05 |
||